Wszystkie pytania za milion złotych z polskiej edycji "Milionerów" - Statystyki

Ogólne statystyki
  • Ten quiz został rozwiązany 830 razy
  • Średni wynik to 6 z 16
Statystyki odpowiedzi
Zagadnienie Odpowiedź % Poprawnych
Różańcową tajemnicą chwalebną nie jest... Śmierć Jezusa na krzyżu
75%
Ile to jest 1111 razy 1111, jeśli 1 razy 1 to 1, a 11 razy 11 to 121? 1 234 321
50%
Kiedy rozpoczęło się drugie tysiąclecie? 1 stycznia 1001r.
50%
Który utwór Juliusza Słowackiego napisany jest prozą? "Anhelli"
50%
Odrażający drab z Kabaretu Starszych Panów dubeltówkę weźmie, wyjdzie i...: buch, buch!
50%
Mowa w obronie poety Archiasza przeszła do historii jako jeden z najświetniejszych popisów retorycznych: Cycerona
50%
"Wątróbka z cebulką (...) jest zakąską doskonałą. Aby ją przyrządzić, należy kupić samochód i pędzić nim póty, aż się kogoś przejedzie". To Lem i... "Dyktanda, czyli..."
50%
Z gry na jakim instrumencie słynie Czesław Mozil? na akordeonie
50%
Likier maraskino produkuje się z maraski, czyli odmiany: wiśni
50%
Skąd pochodził Conan Barbarzyńca? z Cimmerii
50%
Komiksowym "dzieckiem" rysownika Boba Kane'a jest: Batman
25%
Który instrument stroi muzyk? kocioł
25%
Kto jest mistrzem tego samego oręża, w jakim specjalizowała się mitologiczna Artemida? Legolas
25%
Co według Leszka Kołakowskiego jest sklepieniem domu, w którym duch ludzki mieszka? Czas
0%
Który ssak się nie spoci? Królik
0%
Który aktor urodził się w roku opatentowania kinematografu braci Lumière? Rudolph Valentino
0%
Nie znaleziono quizów pasujących do podanych kryteriów
Rozkład punktacji
Procent ludzi z każdym wynikiem
Percentyl według liczby udzielonych odpowiedzi
Twoja historia wyników
Nie rozwiązałeś tego quizu